| 000 | 00859cab a2200277 4500 | ||
|---|---|---|---|
| 001 | WB3112-05 | ||
| 008 | 090401t1995 xxu||||| |||| 00| 0 eng d | ||
| 035 | _a(Sirsi) u35610 | ||
| 041 | _aeng | ||
| 245 | _aStructural Eurocode | ||
| 260 | _c1995 | ||
| 350 | _a0 | ||
| 490 |
_aNew Builder _v(250) 17 March 1995, 5(1) |
||
| 520 | _aEvery structure in the UK may have to be designed to withstand earthquakes under a structural Eurocode due to come into force within 5 years, increasing design costs with tests for seismic resistance. | ||
| 650 | _aBRACING | ||
| 650 | _aDESIGN COSTS | ||
| 650 | _aEARTHQUAKES | ||
| 650 | _aEUROCODE 8 | ||
| 650 | _aEUROCODES | ||
| 650 | _aSEISMIC DESIGN CODE | ||
| 650 | _aSEISMIC RESISTANCE | ||
| 650 | _aSTRUCTURES | ||
| 690 | _aBUILT ENVIRONMENT-CONSTRUCTION DESIGN | ||
| 942 | _n0 | ||
| 948 | _c04/03/1997 | ||
| 999 |
_c23299 _d23299 |
||